| 000 | 01152nam a2200349 a 4500 | ||
|---|---|---|---|
| 008 | 110817s2001 sp a f |||| 001 0 spa d | ||
| 020 | _a9788445805855 | ||
| 041 | _aspa | ||
| 092 |
_c614.1 _l29 _sGIS |
||
| 100 | 1 |
_aGisbert Calabuig, Juan Antonio _9876 |
|
| 245 |
_aMedicina legal y toxicología / _cJ. A. Gisbert Calabuig |
||
| 250 | _a5a ed. reimpr. | ||
| 260 |
_aBarcelona: _bMasson; _c2001. |
||
| 300 | _a1214 p. | ||
| 500 | _aGisbert Calabuig, J. A. (2001). Medicina legal y toxicología. (5a ed.). Barcelona : Masson. | ||
| 653 | _aMedicina Legal | ||
| 653 | _aDerecho médico aplicado | ||
| 653 | _aPeritación médico-legal | ||
| 653 | _aMedicina legal tanatológica | ||
| 653 | _aPatología forense general | ||
| 653 | _aPatología forense especial | ||
| 653 | _aMedicina legal laboral | ||
| 653 | _aMedicina legal sexológica y de la reproducción | ||
| 653 | _aMedicina legal de la infancia | ||
| 653 | _aToxicología general | ||
| 653 | _aToxicología especial | ||
| 653 | _aPsiquiatría forense legal | ||
| 653 | _aCriminalística | ||
| 653 | _aIdentificación | ||
| 653 | _aGenética forense | ||
| 942 |
_2ddc _cBK |
||
| 999 |
_c905 _d905 |
||